000 006470000a22001810004500
090 _aAR
_b00109
245 1 0 _aIdentity of Eleutherodactylus vertebralis (<Boulengar>) with the description of a new species from Colombia and Ecuador (<Amphibia: Leptodactylidae>)
650 1 4 _aAnfibios
_992768
650 1 4 _aFauna
_992594
650 1 4 _aMorfología
_992917
650 1 4 _aBiología
_992
651 4 _lSierra Nevada de Santa Marta
_dMagdalena
_pColombia
_992749
651 4 _dInbabura, Cotopaxi
_pEcuador
_992749
041 0 _aInglés
100 1 _aLynch, John D.
_992907
942 _cARTICULO
773 1 _tJournal of Herpetology
_349
_h4
_q411-418
_d1979
_g13
999 _c9210
_d9210